|
|
|
|
| LEADER |
00000nam0a2200000 4500 |
| 001 |
291944 |
| 005 |
20231102000437.0 |
| 010 |
|
|
|a 9785971807148
|
| 035 |
|
|
|a (RuTPU)RU\TPU\book\316540
|
| 090 |
|
|
|a 291944
|
| 100 |
|
|
|a 20150417d2014 m y0rusy50 ca
|
| 101 |
0 |
|
|a rus
|
| 102 |
|
|
|a RU
|
| 105 |
|
|
|a a j 001zy
|
| 200 |
1 |
|
|a Адаптивная физическая культура в практике работы с инвалидами и другими маломобильными группами населения
|e учебное пособие
|f под ред. С. П. Евсеева
|
| 210 |
|
|
|a Москва
|c Советский спорт
|d 2014
|
| 215 |
|
|
|a 298 с.
|c ил.
|
| 225 |
1 |
|
|a Физическая культура и спорт инвалидов и лиц с отклонениями в состоянии здоровья
|
| 320 |
|
|
|a Библиография в конце глав.
|
| 330 |
|
|
|a В пособии рассматриваются содержание и методика адаптивной физической культуры в практике работы в таких сферах деятельности, как образование, воспитание, развитие, реабилитация, профилактика, научные исследования, организация, управление и др.Учебное пособие предназначено для студентов, обучающихся по направлению 034300 - «Физическая культура», а также для других направлений подготовки кадров, для дисциплины по выбору «Адаптивная физическая культура»; для реализации программ профессиональной переподготовки и повышения квалификации специалистов, обеспечивающих учебно-тренировочный процесс среди инвалидов и других маломобильных групп населения, для увеличения доступности услуг в сфере физической культуры и спорта инвалидов, а также для организации и проведения физкультурно-массовых мероприятий, спортивных соревнований по паралимпийским, сурдлимпийским и специальным олимпийским видам спорта.
|
| 606 |
1 |
|
|a Лечебная физкультура
|2 stltpush
|3 (RuTPU)RU\TPU\subj\40152
|9 60022
|
| 610 |
1 |
|
|a адаптивная физкультура
|
| 610 |
1 |
|
|a инвалиды
|
| 610 |
1 |
|
|a ограниченные возможности
|
| 610 |
1 |
|
|a социальная интеграция
|
| 610 |
1 |
|
|a принципы
|
| 610 |
1 |
|
|a функции
|
| 610 |
1 |
|
|a концепции
|
| 610 |
1 |
|
|a нарушенное зрение
|
| 610 |
1 |
|
|a слух
|
| 610 |
1 |
|
|a опорно-двигательный аппарат
|
| 610 |
1 |
|
|a соматические заболевания
|
| 610 |
1 |
|
|a адаптивный спорт
|
| 610 |
1 |
|
|a допинг-контроль
|
| 610 |
1 |
|
|a реабилитационная медицина
|
| 610 |
1 |
|
|a доступная среда
|
| 610 |
1 |
|
|a нормативно-правовые акты
|
| 610 |
1 |
|
|a федеральные законы
|
| 610 |
1 |
|
|a учебные пособия
|
| 675 |
|
|
|a 796.035(075.8)
|v 4
|
| 702 |
|
1 |
|a Евсеев
|b С. П.
|4 340
|
| 801 |
|
1 |
|a RU
|b 63413507
|c 20150417
|
| 801 |
|
2 |
|a RU
|b 63413507
|c 20150817
|g RCR
|
| 942 |
|
|
|c BK
|
| 959 |
|
|
|a 53/20150417
|d 1
|e 429,00
|f ЧЗГЛ:1
|